<The> gains from Latin America's adjustment must be consolidated, says Camdessus.

Výňatky z prejavu M. Camdessusa k odborárskym predstaviteľom Latinskej Ameriky predneseného v Inter-Americkej banke pre rozvoj vo Washingtone v novembri 1992. Sociálne dimenzie ekonomickej reštrukturalizácie v Latinskej Amerike a Karibskej oblasti. Kvalitatívne aspekty prebiehajúceho hospodárskeho r...

Descripción completa

Guardado en:
Detalles Bibliográficos
Formato: Capítulo de libro
Lenguaje:inglés
Materias:
Etiquetas: Agregar Etiqueta
Sin Etiquetas, Sea el primero en etiquetar este registro!

MARC

LEADER 00000naa a2200000 4500
001 r012496
005 20221208122643.7
041 0 |a eng 
044 |a [SU] 
245 1 0 |a <The> gains from Latin America's adjustment must be consolidated, says Camdessus. 
520 |a Výňatky z prejavu M. Camdessusa k odborárskym predstaviteľom Latinskej Ameriky predneseného v Inter-Americkej banke pre rozvoj vo Washingtone v novembri 1992. Sociálne dimenzie ekonomickej reštrukturalizácie v Latinskej Amerike a Karibskej oblasti. Kvalitatívne aspekty prebiehajúceho hospodárskeho rozvoja. Zábrana inflácie ako integrálna súčasť hospodárskej politiky. Sociálny konsenzus je predpokladom udržania výsledkov makroekonomickej politiky. 
610 2 0 |a zmeny štruktúrne 
610 2 0 |a Latinská Amerika 
610 2 0 |a rozvoj hospodársky 
610 2 0 |a inflácia 
610 2 0 |a politika hospodárska 
610 2 0 |a politika sociálna